| 000 | 00979nam a2200265Ia 4500 | ||
|---|---|---|---|
| 003 | OSt | ||
| 005 | 20221005103850.0 | ||
| 006 | a|||||r|||| 00| 0 | ||
| 007 | ta | ||
| 008 | 221004b |||||||| |||| 00| 0 hin d | ||
| 020 |
_a9789380839943 (hbk) _cINR 300.00 |
||
| 024 | _a64638 | ||
| 037 |
_bGV727, 11/03/2020, Vani Prakashan _cTextual |
||
| 040 |
_aCRL _cCRL _bhin |
||
| 041 |
_2hin _ahin |
||
| 082 | _aD65,8(B).2, 152Q8 | ||
| 100 | _aठाकुर, प्रदीप, ले. | ||
| 245 | 0 | _aभारत में डिजिटल क्रांति | |
| 246 | _aBhārat mean ḍijiṭal krāanti | ||
| 260 |
_aदिल्ली _bएस. के. इंटरप्राइजेज भारत _c2018 |
||
| 300 |
_a160पृ0 _ccm. |
||
| 650 | _aडिजिटल भारत | ||
| 942 |
_hD65,8(B).2, 152Q8 _cTEXL _2cc |
||
| 999 |
_c1011123 _d1011123 |
||